| 000 | 00757na a2200253 4500 | ||
|---|---|---|---|
| 001 | 16250 | ||
| 003 | MIRAKIL | ||
| 005 | 20181213155210.0 | ||
| 008 | 161001b tu 000 0 | ||
| 035 | _a16250 | ||
| 040 |
_aMilas _btur _cTR-AnCHP |
||
| 082 |
_a300.561 _bK26t 2002 |
||
| 090 | _a300.561 K26t 2002 | ||
| 100 |
_aKaraca, Uğur _d1967- |
||
| 245 |
_aTBMM'nin dikkatine _b(özet yasa önerileri) _cUğur Karaca |
||
| 246 | _aözet yasa önerileri | ||
| 260 |
_a[y.y.] _b[yayl.y.] _c2002 |
||
| 300 |
_a40 s. _c20 sm. |
||
| 650 |
_aSiyaset ve yönetim _xÇözüm önerileri |
||
| 650 |
_aAdalet _xÇözüm önerileri |
||
| 650 |
_aEkonomik sorunlar _xÇözüm önerileri |
||
| 650 |
_aToplumsal sorunlar _xÇözüm önerileri |
||
| 942 |
_2dcc _cBKS |
||
| 999 |
_c8393 _d8393 |
||